| 000 | 00533nam a2200181Ia 4500 | ||
|---|---|---|---|
| 003 | LK-CoDNM | ||
| 008 | 010623t1996 xxu||||| |||| 00| 1 sin d | ||
| 040 |
_aLK-CoDNM _dLK-CoDNM _eLK-CoDNM |
||
| 041 | _asin | ||
| 080 |
_a(x)398 _bBUL |
||
| 100 | _aBulathsinhala, Fransis | ||
| 245 | _aබුලත හා බැඳුණු සිරිත් විරිත් | ||
| 246 | _aBulatha haa bandunu Siriyh virith | ||
| 260 |
_bS.Godage Saha Sahodarayo _aColombo _c1996 |
||
| 300 | _b70, 17.5 cm | ||
| 650 | _aCulture | ||
| 942 | _cBK | ||
| 999 |
_c117792 _d117792 |
||